The Merry Devill of Edmonton (Record no. 234103)
[ view plain ]
| 000 -LEADER | |
|---|---|
| fixed length control field | 00895cam a22002893a 4500 |
| 001 - CONTROL NUMBER | |
| control field | 4774 |
| 003 - CONTROL NUMBER IDENTIFIER | |
| control field | PGUSA |
| 005 - DATE AND TIME OF LATEST TRANSACTION | |
| control field | 20140828083108.0 |
| 008 - FIXED-LENGTH DATA ELEMENTS--GENERAL INFORMATION | |
| fixed length control field | 031201s2003||||xxu|||||s|||||000 | eng d |
| 040 ## - CATALOGING SOURCE | |
| Original cataloging agency | PGUSA |
| Language of cataloging | eng |
| 042 ## - AUTHENTICATION CODE | |
| Authentication code | dc |
| 050 #4 - LIBRARY OF CONGRESS CALL NUMBER | |
| Classification number | PR |
| 100 1# - MAIN ENTRY--PERSONAL NAME | |
| Personal name | Shakespeare |
| Fuller form of name | (spurious and doubtful works), |
| Dates associated with a name | 1564-1616 |
| 245 14 - TITLE STATEMENT | |
| Title | The Merry Devill of Edmonton |
| Medium | [electronic resource] / |
| Statement of responsibility, etc | Shakespeare |
| 260 ## - PUBLICATION, DISTRIBUTION, ETC. (IMPRINT) | |
| Name of publisher, distributor, etc | Project Gutenberg, |
| Date of publication, distribution, etc | 2003 |
| 506 ## - RESTRICTIONS ON ACCESS NOTE | |
| Terms governing access | Public domain in the USA. |
| 516 ## - TYPE OF COMPUTER FILE OR DATA NOTE | |
| Type of computer file or data note | Electronic text |
| 653 ## - INDEX TERM--UNCONTROLLED | |
| Uncontrolled term | Edmonton (London, England) -- Drama |
| 653 ## - INDEX TERM--UNCONTROLLED | |
| Uncontrolled term | Shakespeare, William, 1564-1616 -- Spurious and doubtful works |
| 653 ## - INDEX TERM--UNCONTROLLED | |
| Uncontrolled term | Abduction -- Drama |
| 653 ## - INDEX TERM--UNCONTROLLED | |
| Uncontrolled term | Comedies |
| 653 ## - INDEX TERM--UNCONTROLLED | |
| Uncontrolled term | Poaching -- Drama |
| 653 ## - INDEX TERM--UNCONTROLLED | |
| Uncontrolled term | Fabell, Peter, 15th cent -- Drama |
| 830 #0 - SERIES ADDED ENTRY--UNIFORM TITLE | |
| Uniform title | Project Gutenberg |
| Volume number/sequential designation | 4774 |
| 856 40 - ELECTRONIC LOCATION AND ACCESS | |
| Uniform Resource Identifier | <a href="http://www.gutenberg.org/ebooks/4774">http://www.gutenberg.org/ebooks/4774</a> |
| 942 ## - ADDED ENTRY ELEMENTS (KOHA) | |
| Koha item type | eBooks |
| Withdrawn status | Lost status | Damaged status | Home library | Current library | Date acquired | Total Checkouts | Date last seen | Price effective from | Koha item type |
|---|---|---|---|---|---|---|---|---|---|
| Project Gutenberg | Project Gutenberg | 08/28/2014 | 08/28/2014 | 08/28/2014 | eBooks |